Most Spoken Non-English Languages in Connecticut - Statistics

General Stats
  • This quiz has been taken 30 times
  • The average score is 10 of 14
Answer Stats
Number of Speakers Language % Correct
157k Spanish
100%
14k French (incl. French Creole)
97%
10k Italian
97%
3.5k Korean
90%
13.5k Chinese
86%
16k Portuguese
83%
5k Russian
83%
15k Polish
79%
3.8k Arabic
76%
2.6k Tagalog
72%
4.6k Vietnamese
72%
2.9k Hindi
62%
2.2k Greek
48%
3.3k Albanian
3%
No matching quizzes found
Score Distribution
Percent of People with Each Score
Percentile by Number Answered
Your Score History
You have not taken this quiz